Moianès [ (Record no. 109976)
[ view plain ]
| 000 -LEADER | |
|---|---|
| campo de control de longitud fija | 01001nem a2200241 i 4500 |
| 001 - NÚMERO DE CONTROL | |
| campo de control | 109976 |
| 003 - IDENTIFICADOR DE NÚMERO DE CONTROL | |
| campo de control | ES-MaACL |
| 005 - FECHA Y HORA DE LA ÚLTIMA TRANSACCIÓN | |
| campo de control | 20250720204513.0 |
| 007 - CAMPO FIJO DE DESCRIPCIÓN FÍSICA--INFORMACIÓN GENERAL | |
| campo de control de longitud fija | t| |
| 008 - DATOS DE LONGITUD FIJA--INFORMACIÓN GENERAL | |
| campo de control de longitud fija | 061121s1962 sp r | z|0|1||spa d |
| 130 0# - ENTRADA PRINCIPAL--TÍTULO UNIFORME | |
| Título uniforme | Moianés (Comarca). |
| Subencabezamiento de forma | Mapas topográfico-excursionistas. |
| Fecha de publicación/de la obra | 1967. |
| 9 (RLIN) | 164702 |
| 245 10 - MENCIÓN DEL TÍTULO | |
| Título | Moianès [ |
| Medio | Material cartográfico] |
| Resto del título | : Santa María de Oló, Estany, Puig Rodós, Vall de Marfá, El Toll, Collsuspina, Granera : mapa topográfico-excursionista / |
| Mención de responsabilidad, etc. | dib. P. Falché ; resol. tecn. X. Coll. |
| 255 ## - DATOS MATEMÁTICOS CARTOGRÁFICOS | |
| Mención de escala | Escala 1:25.000. |
| 260 ## - PUBLICACIÓN, DISTRIBUCIÓN, ETC. | |
| Lugar de publicación, distribución, etc. | Granollers : |
| Nombre del editor, distribuidor, etc. | Ed. Alpina, |
| Fecha de publicación, distribución, etc. | 1962. |
| 300 ## - DESCRIPCIÓN FÍSICA | |
| Extensión | 1 mapa : |
| Otras características físicas | col ; |
| Dimensiones | 69 x 60 cm pleg. en 16 x 10 cm + |
| Material acompañante/anejo | guía cartográfica (24 p. 16 cm) |
| 490 1# - MENCIÓN DE SERIE | |
| Mención de serie | Cartografía ; |
| Designación de volumen o secuencia | 37 |
| 592 ## - | |
| -- | Relieve representado por curvas de nivel. |
| 700 1# - ENTRADA AGREGADA--NOMBRE PERSONAL | |
| Nombre de persona | Falche, Pascual. |
| 9 (RLIN) | 164700 |
| 700 1# - ENTRADA AGREGADA--NOMBRE PERSONAL | |
| Nombre de persona | Coll, Xavier, |
| Fechas asociadas al nombre | 1901-1981 |
| 9 (RLIN) | 39622 |
| 830 0# - PUNTO DE ACCESO ADICIONAL DE SERIE-TÍTULO UNIFORME | |
| Título uniforme | Cartografía ; |
| Designación de volumen o secuencia | 37 |
| 9 (RLIN) | 233001 |
| 852 ## - LOCALIZACIÓN | |
| Ubicación | ES-MaACL |
| Número de control de estantería | 2030-F-1 |
| Sublocalización o colección | R.51242 |
| Estatus retirado | Estado de pérdida | Estado de daño | No para préstamo | Colección | Biblioteca de origen | Biblioteca actual | Ubicación en estantería | Fecha de adquisición | Fuente de adquisición | Total de préstamos | Signatura topográfica completa | Código de barras | Visto por última vez | Precio de reemplazo | Tipo de ítem Koha |
|---|---|---|---|---|---|---|---|---|---|---|---|---|---|---|---|
| Colección de folletos | Biblioteca del Ateneo de Madrid | Biblioteca del Ateneo de Madrid | Depósito folletos | 17/01/2008 | 2030-F-1 | 1114745 | 23/02/2023 | 23/02/2023 | Folleto |
